Quizzes
Events
Quiz Creation
Community
Videos
Private Events
Remove Ads
Sign In
Join for FREE
Feedback
Dark Mode
Quiz Categories
Sports
Geography
Music
Movies
Television
Just For Fun
Miscellaneous
History
Literature
Language
Science
Gaming
Entertainment
Religion
Holiday
For Kids
Quiz Lab
Recent
Popular Today
Quiz Kudos Today
Editor Picks
Curator Picks
Quizzes by...
Day
Popularity
Type
Ratings
Length
Year
Community
Subscriptions
Recent Discussions
Orange Saloon
Badges
Playlists
Quests
Create
Leaderboards
Showdown
Live 5
Trivia Bingo
Activity
Puzzle Library
Sporcle Events
Private Events
Virtual Trivia
Globe League
Become a Host
Pub Owners
SporcleCon
Opinionation
Our Games
Videos
Blog
Mobile Apps
Partnerships
Remove Ads and Go Orange
Feedback
Geography
Country
Landmarks
City
State
Population
World
Capital
Continent
Flags
Europe
Africa
Asia
South America
North America
Oceania
Border
Canada
United Kingdom
Topography
United States
Geography
Country
Landmarks
City
State
Population
World
Capital
Continent
Flags
Europe
Africa
Asia
South America
North America
Oceania
Border
Canada
United Kingdom
Topography
United States
Random Quiz
Search Sporcle
×
Quiz Lab
Quiz Lab
Geography
New York City
Type answers that appear on an image
Type answers that appear on an image
Map
Best Score? Go Orange.
Brooklyn Neighborhoods Stats
Can you name the Neighborhoods of Brooklyn?
By
kaerftab
17m
70 Questions
840 Plays
840 Plays
840 Plays
Comments
Comments
Give Quiz Kudos
Give Quiz Kudos
-
- Ratings
hide this ad
More Info
Replay
Link that replays current quiz
Next Quiz
Link to next quiz in quiz playlist
You Got
0%
They Got
Avg Score
46%
Avg Friend Score
Upgrade to see
Score Distribution
Jump to the score distribution portion of the page
Score
0/70
Timer
17:00
0
Plays Today
% Correct
Coney Island
85.1%
Greenpoint
82.3%
Bedford Stuyvesant
79.4%
DUMBO
79.4%
Park Slope
79.4%
Red Hook
79%
Flatbush
78.7%
Bushwick
76.3%
Downtown Brooklyn
76.2%
Brooklyn Heights
75.7%
Bay Ridge
75.4%
East New York
74.3%
Brighton Beach
71.8%
Crown Heights
71.4%
Sunset Park
67.6%
East Williamsburg
67%
Canarsie
66.3%
Brownsville
65%
Cobble Hill
62.7%
Gowanus
62.5%
Prospect Heights
61.9%
Bensonhurst
61.8%
Manhattan Beach
61.8%
Fort Greene
61.3%
East Flatbush
60.8%
Carroll Gardens
60%
Sheepshead Bay
58.8%
Clinton Hill
58%
Vinegar Hill
56.2%
South Williamsburg
55%
Dyker Heights
54.3%
North Williamsburg
53%
Sea Gate
52.6%
Fort Hamilton
50.6%
Kensington
49.8%
% Correct
Midwood
49.3%
Boerum Hill
48.7%
Bath Beach
47.9%
Gravesend
46.7%
Borough Park
45.2%
Windsor Terrace
42.4%
Flatlands
42%
Mill Basin
40.8%
Prospect Park South
38.3%
Prospect Lefferts Gardens
38.1%
Bergen Beach
36.8%
Marine Park
35%
Gerritsen Beach
32.1%
Ditmas Park
27.1%
Fulton Ferry
26.5%
Ocean Hill
26.4%
Cyprus Hills
25.1%
New Lots
21.2%
Georgetown
20.7%
Starrett City
19.3%
Homecrest
18.7%
Ocean Parkway
18.3%
Broadway Junction
17.3%
Madison
16.8%
City Line
16.5%
Weeksville
16%
Wingate
15.1%
Highland Park
14.5%
Manhattan Terrace
14.3%
Mill Island
14.3%
Remsen Village
13.9%
Spring Creek
13.6%
Erasmus
12.3%
Rugby
11.8%
Paerdegat Basin
9%
Quiz Playlist
Details
Report
Send in Message
Add To Playlist
More Info:
Neighborhoods of Brooklyn as specified by the NYC Department of City Planning
Map:
Type answers that appear on an image
Quiz Source
Last Updated: Jul 4, 2017
Quiz Scoreboard
CHALLENGE
Sign Up to Join the Scoreboard
Show All
Scores
Hide
Comments
May contain spoilers
Recently Published
Presidents Visiting Landmarks
by Hejman
History
7m
An Introduction to Baseball
by treessimontrees
Sports
5m
Movies - When Are They Set?
by FPL_Elf
Movies
5m
More to Explore
Quiz From the Vault
Featured Blog Post
Where Did the Easter Bunny Come From?
hide this ad
You Might Also Like...
Tags
Brooklyn
neighborhood
New York
New York City
NYC Neighborhoods
Today's Top Quizzes in Geography
Browse Geography
hide this ad
Today's Top Quizzes in New York City
Browse New York City
Top Contributed Quizzes in Geography
1
Countries of the World - No Outlines Minefield
2
Top 25 Cities of France on a map
3
Any capital of a 'B' country per Continent
4
Closest Countries to UK A-Z
5
One Thing in Common: United Kingdom
6
Any capital of a 'C' country per Continent
7
Find the Provinces of Canada - No Outlines Minefield
8
Any capital of a 'D' country per Continent
9
Find the US States - No Outlines
10
Blind Secret Country CLXXXVIII
Explore More
Trending Topics
Marvel
Harry Potter
Kpop
Crossword
NBA
Anime
Disney
The Office
Song
Pokémon
Country
WWE
Soccer
NFL
Puzzle
hide this ad
More By:
kaerftab
Quiz
Plays
Rating
Category
Featured
Created
Brooklyn Neighborhoods
840
Geography
Jul 4, 2017
Manhattan Neighborhoods
369
1.00
Geography
Jul 4, 2017
Go to Creator's Profile
Score Distribution
Quiz Creator Spotlight
kaerftab
Follow
Send a Message
Quizzes Created
-
Created Quiz Play Count
-
More By This Creator
Popular Quizzes Today
1
Find the US States - No Outlines Minefield
2
Find the Countries of Europe - No Outlines Minefield
3
The Countries of the World
4
Popular People in 1961
5
Find the US States
6
US States
7
Risky Map Clicking: Biggest States A-Z
8
1-10 Letter E Words III
More Geography Quizzes
4-Letter Geography Blitz
Published
Trending Quizzes
Risky Map Clicking: Least Populous States A-Z
1-10 Letter G Words
1-10 Letter F Words
One Thing in Common: United Kingdom
Risky Map Clicking: Next State Alphabetically
Recently Updated
Leaping Animals
pecheneg
Reality TV Shows (A-Z)
bhenderson79
Rickey Henderson's Hall of Fame Teammates
pecheneg
Champions League XIs: Arsenal
pecheneg
Quick Pick: Celebrities in WWE's Hall of Fame
aduchscher
A-Z Keypad Blitz II
pecheneg
Multiple Oscar Actors
pecheneg
Mystery Phrase Blitz: Oscar 'Best Actors'
pecheneg
F. Scott Fitzgerald Novels
LTH
Pick 3 Villains
ddd62291
Trending Topics
Anime
Harry Potter
NBA
Marvel
Disney
Kpop
Crossword
NFL
Country
WWE
Puzzle
Song
Pokémon
Soccer
The Office
Your Account Isn't Verified!
In order to create a playlist on Sporcle, you need to verify the email address you used during registration. Go to your
Sporcle Settings
to finish the process.
Report this User
Report this user for behavior that violates our
Community Guidelines
.
Details:
Send Report
Go to the Sporcle.com Mobile Site →
Comments